[Event "36th Olympiad w"]
[Site "Calvia ESP"]
[Date "2004.10.16"]
[Round "2"]
[White "Berend,E"]
[Black "Sanchez Castillo,S"]
[Result "1-0"]
[WhiteElo "2307"]
[BlackElo "2141"]
[EventDate "2004.10.15"]

1. e4 e6 2. d4 d5 3. Nd2 Nf6 4. e5 Nfd7 5. Bd3 c5 6. c3 Nc6 7. Ne2 Qb6 8.
Nf3 cxd4 9. cxd4 f6 10. exf6 Nxf6 11. O-O Bd6 12. b3 O-O 13. Bf4 Bxf4 14.
Nxf4 Ne4 15. Ne2 h6 16. Ng3 Nf6 17. Rc1 Bd7 18. Bb1 a5 19. Qd3 a4 20. Ne5
Qxd4 21. Nxd7 Nxd7 22. Qh7+ Kf7 23. Nh5 Qg4 24. Ng3 Nf6 25. Qd3 axb3 26.
Qxb3 Rab8 27. f4 Kg8 28. Rce1 Rfe8 29. Bd3 Qh4 30. Bb1 Na5 31. Qd3 Nc4 32.
h3 b5 33. Re2 Ra8 34. Qg6 Ra3 35. Nf5 1-0

[Event "36th Olympiad w"]
[Site "Calvia ESP"]
[Date "2004.10.16"]
[Round "2"]
[White "Hernandez,Z"]
[Black "Bakalarz,G"]
[Result "0-1"]
[WhiteElo "2100"]
[BlackElo "2035"]
[EventDate "2004.10.15"]

1. e4 c5 2. Nf3 e6 3. d4 cxd4 4. Nxd4 Nf6 5. Bd3 Nc6 6. Nb3 d5 7. exd5 Nxd5
8. c3 Qc7 9. O-O Bd6 10. h3 O-O 11. Nd4 Nxd4 12. cxd4 Bd7 13. Qb3 Rac8 14.
Na3 a6 15. Nc4 Bh2+ 16. Kh1 b5 17. Ne3 Bc6 18. Ng4 Bd6 19. Re1 Nb4 20. Ne5
Bd5 21. Qd1 Nxd3 22. Qxd3 Rfd8 23. Bd2 Qb7 24. f3 Bxe5 25. Rxe5 Bc4 26. Qe3
Bd5 27. Qe1 Rc4 28. b3 Rc2 29. Re2 Bxf3 30. gxf3 Qxf3+ 31. Kh2 Rxd4 32. Rd1
Rxa2 33. Rxe6 Raxd2+ 34. Rxd2 Rxd2+ 35. Qxd2 fxe6 36. b4 Qh5 37. Qf4 e5 38.
Qh4 e4 39. Qe7 h6 40. Kg1 Qd1+ 41. Kh2 Qe2+ 42. Kg1 Qe3+ 43. Kh2 Qf2+ 44.
Kh1 Qf3+ 45. Kh2 e3 46. Qe5 g5 47. Qe8+ Kg7 48. Qe6 Qf2+ 49. Kh1 e2 0-1

[Event "36th Olympiad w"]
[Site "Calvia ESP"]
[Date "2004.10.16"]
[Round "2"]
[White "Steil Antoni,F"]
[Black "Martinez Aleidi,J"]
[Result "0-1"]
[WhiteElo "1936"]
[BlackElo "2201"]
[EventDate "2004.10.15"]

1. e4 c5 2. Nc3 Nc6 3. f4 e6 4. Nf3 d5 5. Bb5 Nf6 6. Qe2 d4 7. Bxc6+ bxc6
8. Nd1 Be7 9. d3 O-O 10. O-O a5 11. Nf2 Ne8 12. g4 f5 13. exf5 exf5 14. g5
Nc7 15. Ne5 Qd6 16. Bd2 a4 17. Rae1 Be6 18. h4 Rae8 19. b3 a3 20. Nd1 Bd8
21. Qf3 Nd5 22. c4 dxc3 23. Nxc3 Bc7 24. Nb1 Ra8 25. Bc1 Nb4 26. Bxa3 Bd5
27. Qf2 Qd8 28. d4 Be4 29. dxc5 Bxe5 30. Bxb4 Bd4 31. Re3 Rxa2 32. Qxa2
Bxe3+ 33. Kh2 Qd3 34. Re1 Bxf4+ 35. Kg1 Qg3+ 36. Kf1 Qh3+ 37. Kg1 Qh1+ 0-1

[Event "36th Olympiad w"]
[Site "Calvia ESP"]
[Date "2004.10.16"]
[Round "2"]
[White "Titova Boric,E"]
[Black "Cast,A"]
[Result "1/2-1/2"]
[WhiteElo "2252"]
[BlackElo "2082"]
[EventDate "2004.10.15"]

1. e4 e6 2. d4 d5 3. e5 c5 4. c3 Nc6 5. f4 Qb6 6. Nf3 Bd7 7. g3 Rc8 8. a3
cxd4 9. cxd4 Na5 10. Nbd2 Ne7 11. Bd3 Bb5 12. Qe2 Bxd3 13. Qxd3 h5 14. O-O
Nf5 15. b3 Be7 16. Bb2 f6 17. Kg2 Kf7 18. Rac1 a6 19. h3 Qb5 20. Qxb5 axb5
21. Kf2 Rc6 22. Rxc6 Nxc6 23. g4 hxg4 24. hxg4 Nh6 25. Kg3 f5 26. g5 Ng4
27. Re1 Rc8 28. Rc1 Na7 29. Rxc8 Nxc8 30. Nf1 Na7 31. N3d2 Nc6 32. Kf3 Kg6
33. Ng3 Kf7 34. Ke2 Na5 35. Bc3 Nc6 36. Bb2 Na5 37. Bc3 Nc6 1/2-1/2

[Event "36th Olympiad w"]
[Site "Calvia ESP"]
[Date "2004.10.16"]
[Round "2"]
[White "Evans Quek,D"]
[Black "Dengler,D"]
[Result "1/2-1/2"]
[WhiteElo "2013"]
[BlackElo "2123"]
[EventDate "2004.10.15"]

1. e4 e6 2. Nf3 d5 3. e5 c5 4. d3 Nc6 5. c3 Nge7 6. Bf4 Ng6 7. Bg3 Be7 8.
h4 h5 9. Be2 b6 10. Nbd2 Bb7 11. d4 a6 12. a3 Rc8 13. b4 Rc7 14. Bd3 Nf8
15. Qe2 Qc8 16. O-O Na7 17. Ne1 cxd4 18. cxd4 Rc3 19. Nb1 Rc7 20. Nd2 Rc3
21. Nc2 Nd7 22. Ne3 b5 23. Rfb1 Nb6 24. Nb3 Na4 25. Nc5 Rxc5 26. bxc5 Nc3
27. Qe1 Nxb1 28. Rxb1 Nc6 29. Nc2 Qd8 30. a4 b4 31. Nxb4 Nxd4 32. Qc3 Nc6
33. Nxc6 Bxc6 34. Bxa6 O-O 35. Bb5 Qa8 36. f3 Rc8 37. Bf2 Qa7 38. Qa3 Qc7
39. f4 f6 40. exf6 Bxf6 41. Qe3 Qd7 42. Bxc6 Qxc6 43. Rb6 Qd7 44. Qc1 d4
45. c6 Qd6 46. a5 Qc7 47. Qc4 Kh7 48. Bxd4 Qxf4 49. Qd3+ Kh8 50. Bxf6 Qxf6
51. c7 Qa1+ 52. Kf2 Qf6+ 53. Ke2 Qe5+ 54. Qe3 Qxc7 55. Rxe6 Qc2+ 56. Kf1
Qd1+ 57. Qe1 Qd3+ 58. Kg1 Qd4+ 59. Kh1 Qa4 60. Re4 Qa3 61. Re8+ Rxe8 62.
Qxe8+ Kh7 63. Qxh5+ Kg8 64. Qd5+ Kh8 65. Kh2 Qa4 66. Kh3 Qa3+ 67. g3 Qa4
68. Qd8+ Kh7 69. Qd3+ Kh8 70. a6 Qa1 71. h5 Qh1+ 72. Kg4 Qa1 73. Qe2 Qd4+
74. Kh3 Qa1 75. Kg2 Qa5 76. Kh2 Qc5 77. g4 Qd6+ 78. Kg2 Qc6+ 79. Kg3 Qd6+
80. Kh3 Qa3+ 81. Kh4 Qa1 82. Qb5 Qf6+ 83. Kg3 Qc3+ 84. Kh4 Qd2 85. Qf5 Qf2+
86. Kg5 Qc2 87. Qf3 Qc7 88. Qf4 Qb6 89. Qf3 Kg8 90. Kh4 Qc7 91. Qe4 Qc6 92.
Qe3 Qc2 93. Qf4 Kh7 94. Qg3 Qd3 95. Qh3 Qd4 96. Qg3 Qa7 97. Qf3 Kg8 98. Qf4
Qxa6 99. Qg5 Qa4 100. Qe3 Qc2 101. Qa7 Kf8 102. Qa6 Qd1 103. Qc4 1/2-1/2

[Event "36th Olympiad w"]
[Site "Calvia ESP"]
[Date "2004.10.16"]
[Round "2"]
[White "Zapata,K"]
[Black "Maeckelberg,M"]
[Result "1-0"]
[WhiteElo "2162"]
[BlackElo "2020"]
[EventDate "2004.10.15"]

1. d4 d5 2. c4 e6 3. Nc3 Nf6 4. g3 b6 5. Bg2 Bb7 6. Nf3 Be7 7. Ne5 O-O 8.
O-O Nbd7 9. h3 c5 10. cxd5 exd5 11. e3 Nxe5 12. dxe5 Ne4 13. Qc2 Nxc3 14.
bxc3 Qc7 15. f4 Rfd8 16. Bb2 Rd7 17. Rad1 Rad8 18. Bf3 Qc6 19. c4 Qg6 20.
Qg2 Ba6 21. cxd5 Bxf1 22. Kxf1 b5 23. d6 f6 24. Bc6 Rc7 25. Bd5+ 1-0

[Event "36th Olympiad w"]
[Site "Calvia ESP"]
[Date "2004.10.16"]
[Round "2"]
[White "Stolarczyk,An"]
[Black "Calle,M"]
[Result "1/2-1/2"]
[WhiteElo "2006"]
[BlackElo "2111"]
[EventDate "2004.10.15"]

1. d4 Nf6 2. c4 c5 3. d5 b5 4. cxb5 a6 5. Nc3 Qa5 6. Qa4 Qb6 7. e4 Bb7 8.
Bd3 axb5 9. Qxb5 Qxb5 10. Nxb5 Na6 11. a3 g6 12. Ne2 Bg7 13. Nbc3 O-O 14.
O-O d6 15. Bd2 Nd7 16. f4 Nc7 17. b4 cxb4 18. axb4 Na6 19. Bxa6 Bxa6 20. b5
Bb7 21. Be3 Rab8 22. Rac1 Nf6 23. h3 e6 24. dxe6 fxe6 25. Nd4 Nxe4 26. Nxe4
Bxd4 27. Bxd4 Bxe4 28. b6 e5 29. fxe5 Rxf1+ 30. Kxf1 dxe5 31. Bf2 Rb7 32.
Rc7 Rxc7 33. bxc7 Bb7 34. Bg3 e4 35. Ke2 Kf7 36. Ke3 Ke6 37. Kd4 Kd7 38.
Be5 e3 39. Kxe3 Bxg2 40. h4 h5 41. Kf4 Bh3 42. Kg5 Bf5 43. Kf6 Kc8 44. Ke7
Be4 45. Bf4 Bf5 46. Bg5 Be4 47. Bh6 Bf5 48. Bg5 1/2-1/2

[Event "36th Olympiad w"]
[Site "Calvia ESP"]
[Date "2004.10.16"]
[Round "2"]
[White "Leite,C"]
[Black "Van der Merwe,C"]
[Result "0-1"]
[WhiteElo "2236"]
[BlackElo "2059"]
[EventDate "2004.10.15"]

1. e4 e6 2. d3 d5 3. Nd2 c5 4. Ngf3 Nf6 5. g3 Nc6 6. Bg2 Be7 7. O-O Qc7 8.
Re1 b6 9. e5 Nd7 10. Qe2 Bb7 11. c3 h6 12. Nf1 O-O-O 13. h4 Rdg8 14. N1h2
g5 15. hxg5 hxg5 16. Ng4 Rh5 17. d4 Rgh8 18. a3 Qd8 19. b4 Qg8 20. Bb2 Qh7
21. Kf1 Ndb8 22. Ng1 Na5 23. b5 Nd7 24. Rac1 Kb8 25. Bf3 Nc4 26. Rc2 Qg6
27. Nf6 Bxf6 28. Bxh5 Qxh5 29. exf6 Nxf6 30. Bc1 Ne4 31. Qd3 Rh7 32. Rce2
f5 33. Ra2 f4 34. gxf4 gxf4 35. Rxe4 0-1

[Event "36th Olympiad w"]
[Site "Calvia ESP"]
[Date "2004.10.16"]
[Round "2"]
[White "Pretorius,M"]
[Black "Coimbra,M"]
[Result "0-1"]
[WhiteElo "1965"]
[BlackElo "2079"]
[EventDate "2004.10.15"]

1. e4 e5 2. Nf3 Nc6 3. Bb5 a6 4. Ba4 Nf6 5. Qe2 b5 6. Bb3 Bc5 7. d3 O-O 8.
c3 Re8 9. O-O h6 10. Nbd2 d6 11. h3 Be6 12. Bxe6 Rxe6 13. Nb3 Ba7 14. Nh4
d5 15. Nf5 Ne7 16. Qf3 Nxf5 17. exf5 Re8 18. Be3 d4 19. cxd4 exd4 20. Bf4
Qd5 21. Qg3 Nh5 22. Qg4 Nxf4 23. Qxf4 c5 24. Rfd1 Re5 25. g4 Rae8 26. Rac1
Bb8 27. Qd2 Re2 28. Re1 Qf3 29. Rxe2 Rxe2 30. Qxe2 Qxe2 31. Nxc5 Bh2+ 32.
Kxh2 Qxf2+ 33. Kh1 Qf3+ 34. Kg1 Qe3+ 35. Kg2 Qxc1 36. Nxa6 Qe3 0-1

[Event "36th Olympiad w"]
[Site "Calvia ESP"]
[Date "2004.10.16"]
[Round "2"]
[White "Baptista,A"]
[Black "Ellappen,J"]
[Result "1-0"]
[WhiteElo "2042"]
[BlackElo "2031"]
[EventDate "2004.10.15"]

1. e4 c5 2. Nf3 Nc6 3. d4 cxd4 4. Nxd4 Nf6 5. Nc3 e5 6. Ndb5 d6 7. Bg5 a6
8. Bxf6 gxf6 9. Na3 b5 10. Nd5 Bg7 11. c3 O-O 12. Bd3 Be6 13. Qf3 Bxd5 14.
exd5 Ne7 15. Nc2 Re8 16. Ne3 Ng6 17. Qe4 f5 18. Nxf5 Qf6 19. h4 Nf4 20. Bc2
Rac8 21. Ne3 Qg6 22. h5 Qh6 23. Rh4 Bf6 24. Nf5 Qf8 25. Rg4+ Ng6 26. hxg6
fxg6 27. Ne3 Qf7 28. O-O-O Rf8 29. Nf5 Qd7 30. Rh1 Bg7 31. Nxg7 Qxg7 32.
Qe3 Rf7 33. Qh6 Qf8 34. Bxg6 hxg6 35. Qh8+ 1-0

[Event "36th Olympiad w"]
[Site "Calvia ESP"]
[Date "2004.10.16"]
[Round "2"]
[White "Borda,C"]
[Black "Starr,N"]
[Result "1-0"]
[WhiteElo "2088"]
[BlackElo "2191"]
[EventDate "2004.10.15"]

1. e4 e5 2. Nf3 d6 3. d4 exd4 4. Nxd4 Nf6 5. Nc3 Be7 6. Bd3 a6 7. O-O c5 8.
Nf3 Nc6 9. a3 b5 10. Nd5 Bg4 11. Nxf6+ Bxf6 12. Be2 O-O 13. h3 Be6 14. Rb1
Re8 15. b3 Qe7 16. Re1 Rad8 17. Bb2 Bxb2 18. Rxb2 Qf6 19. Rb1 d5 20. exd5
Bxd5 21. Qc1 h6 22. c3 Na5 23. b4 Nb3 24. Qb2 c4 25. Rbd1 Bxf3 26. Bxf3
Rxe1+ 27. Rxe1 Rd7 28. Qb1 g6 29. Re3 Qh4 30. Qe1 Ra7 31. Re8+ Kh7 32. Qe5
1-0

[Event "36th Olympiad w"]
[Site "Calvia ESP"]
[Date "2004.10.16"]
[Round "2"]
[White "Cima,R"]
[Black "Parveen,S"]
[Result "1/2-1/2"]
[WhiteElo "2130"]
[BlackElo "2139"]
[EventDate "2004.10.15"]

1. e4 e5 2. Nf3 Nf6 3. Nxe5 d6 4. Nf3 Nxe4 5. d3 Nf6 6. Nc3 Be7 7. Be2 O-O
8. O-O d5 9. Bf4 c6 10. Qd2 Bf5 11. Nd4 Bg6 12. Rae1 a6 13. Nf3 d4 14. Ne4
Nxe4 15. dxe4 Bxe4 16. Qxd4 Qxd4 17. Nxd4 Bf6 18. Bc4 Bg6 19. c3 Nd7 20.
Rd1 Nb6 21. Bb3 c5 22. Bc7 cxd4 23. Bxb6 dxc3 24. bxc3 Bxc3 25. Bd5 h6 26.
Bc5 Rfe8 27. Bxb7 Rab8 28. Bxa6 Ra8 29. Bd3 Rxa2 30. Bxg6 fxg6 31. Be3 g5
32. Rd3 Bf6 33. g3 Rc8 34. Rfd1 Rcc2 35. R3d2 Rxd2 36. Rxd2 Rxd2 37. Bxd2
Bd4 38. Kf1 g4 39. Ke2 Kf7 40. Be3 Be5 41. Kd3 h5 42. Ke4 Bc7 43. Kf5 g6+
44. Ke4 1/2-1/2

[Event "36th Olympiad w"]
[Site "Calvia ESP"]
[Date "2004.10.16"]
[Round "2"]
[White "Nakagawa,E"]
[Black "Yildiz,B"]
[Result "1/2-1/2"]
[WhiteElo "1949"]
[BlackElo "2131"]
[EventDate "2004.10.15"]

1. d4 Nf6 2. c4 e6 3. Nc3 Bb4 4. Qc2 c5 5. e3 b6 6. Nf3 Bb7 7. Be2 Qc7 8.
O-O Bxc3 9. Qxc3 O-O 10. b3 d6 11. Bb2 Nbd7 12. Rfd1 Rac8 13. Rac1 Rfd8 14.
h3 a5 15. dxc5 Nxc5 16. Nd2 Qe7 17. Qd4 e5 18. Qh4 h6 19. Nb1 Nce4 20. Nc3
Qe6 21. Nxe4 Nxe4 22. Bf3 g5 23. Qh5 Kh7 24. Bxe4+ Bxe4 25. Ba3 Rd7 26. Rd2
f5 27. Qd1 Rcd8 28. f3 Bb7 29. Rc3 e4 30. Rd4 exf3 31. gxf3 f4 32. exf4
gxf4 33. Rxf4 Qxh3 34. Qd3+ Kg7 35. Qd4+ Kg8 36. Kf2 Qh2+ 37. Ke3 Qg1+ 38.
Kd3 Qf1+ 39. Kd2 Qg2+ 40. Ke3 Kh7 41. Rc2 1/2-1/2

[Event "36th Olympiad w"]
[Site "Calvia ESP"]
[Date "2004.10.16"]
[Round "2"]
[White "Valickova,M"]
[Black "Elfelo,K"]
[Result "1-0"]
[WhiteElo "2076"]
[BlackElo "1884"]
[EventDate "2004.10.15"]

1. e4 c5 2. Nf3 d6 3. Bc4 Nf6 4. e5 dxe5 5. Nxe5 e6 6. Qe2 Be7 7. b3 O-O 8.
Bb2 Qd6 9. O-O Nc6 10. Nxc6 Qxc6 11. Nc3 a6 12. a4 b6 13. f4 Bb7 14. Rf3
Qc7 15. Rg3 Qxf4 16. Nd5 Bxd5 17. Bxd5 Rad8 18. Rf3 Qh6 19. Rh3 Qg5 20. Rg3
Qxd5 21. Bxf6 Qxd2 22. Rxg7+ Kh8 23. Rxh7+ Kxh7 24. Qh5+ Kg8 25. Qg4+ 1-0

[Event "36th Olympiad w"]
[Site "Calvia ESP"]
[Date "2004.10.16"]
[Round "2"]
[White "Konara,H"]
[Black "Chaves,Joa"]
[Result "0-1"]
[WhiteElo "1911"]
[BlackElo "2046"]
[EventDate "2004.10.15"]

1. c4 e5 2. Nc3 Nc6 3. g3 f5 4. d3 Nf6 5. Bg2 Bb4 6. a3 Bxc3+ 7. bxc3 d6 8.
d4 Bd7 9. e3 O-O 10. Nf3 Qe8 11. O-O Rd8 12. Re1 Kh8 13. Nd2 Qf7 14. Rb1 b6
15. Bf1 f4 16. Bg2 Ng4 17. Qf3 fxe3 18. fxe3 Qh5 0-1

[Event "36th Olympiad w"]
[Site "Calvia ESP"]
[Date "2004.10.17"]
[Round "3"]
[White "Reizniece,D"]
[Black "Xie Jun"]
[Result "0-1"]
[WhiteElo "2278"]
[BlackElo "2569"]
[EventDate "2004.10.15"]

1. e4 e5 2. Nf3 Nc6 3. c3 Nf6 4. d4 d6 5. dxe5 dxe5 6. Qxd8+ Nxd8 7. Nxe5
Nxe4 8. Nd2 Nxd2 9. Bxd2 Be6 10. Bc4 Bd6 11. Bxe6 Nxe6 12. Nc4 Bc5 13. O-O
O-O-O 14. Rad1 Rd5 15. Be3 Rhd8 16. Rxd5 Rxd5 17. Bxc5 Nxc5 18. Re1 b5 19.
Ne5 Rd2 20. b4 Na4 21. c4 f6 22. Nf3 Rxa2 23. cxb5 Nc3 24. Nd4 Rb2 25. g3
Rxb4 26. Nc6 Re4 27. Nxa7+ Kb7 28. Rxe4 Nxe4 29. Nc6 Kb6 30. Nd4 Nd6 31.
Ne6 Ne8 32. Kf1 Kxb5 33. Ke2 Kc6 34. Ke3 Kd6 35. Nd4 Kd5 36. Nb5 Kc5 37.
Nd4 h6 38. h4 Kd5 39. Nb5 c6 40. Nc3+ Ke5 41. g4 Nd6 42. f4+ Ke6 43. h5 f5
44. g5 Nf7 45. gxh6 Nxh6 46. Kd4 Kd6 47. Ne2 Ng8 48. Kc4 Nf6 49. Nd4 Nxh5
50. Nxf5+ Kd7 51. Kd4 g6 52. Nh4 Nxf4 53. Ke4 g5 54. Nf3 Ne6 55. Ne5+ Kd6
56. Nf7+ Ke7 57. Ne5 c5 58. Kd5 Kf6 59. Ng4+ Kf5 60. Nh6+ Kf4 61. Kxe6 c4
62. Nf5 c3 63. Nd4 Ke4 64. Ne2 c2 65. Kf6 g4 66. Kg5 Ke3 0-1

[Event "36th Olympiad w"]
[Site "Calvia ESP"]
[Date "2004.10.17"]
[Round "3"]
[White "Xu Yuhua"]
[Black "Rogule,L"]
[Result "1-0"]
[WhiteElo "2487"]
[BlackElo "2295"]
[EventDate "2004.10.15"]

1. e4 c5 2. Nf3 Nc6 3. Bb5 g6 4. O-O Bg7 5. Re1 Nf6 6. e5 Nd5 7. Nc3 Nc7 8.
Bxc6 dxc6 9. Ne4 b6 10. Nf6+ Kf8 11. Ne4 h6 12. d3 Ne6 13. Ng3 Kg8 14. h4
Nd4 15. Nxd4 Qxd4 16. Re4 Qd5 17. Qe2 Be6 18. Bd2 Qd7 19. Bc3 Bd5 20. Re3
h5 21. f3 Bh6 22. e6 Bxe3+ 23. Qxe3 Qxe6 24. Qg5 f6 25. Qxg6+ Kf8 26. Ne4
Bxe4 27. dxe4 Qf7 28. Qf5 Rg8 29. Kh2 Qg6 30. Qh3 Kf7 31. Re1 e6 32. e5 f5
33. Bd2 Rad8 34. Bg5 Rd4 35. c3 Rd3 36. Qg3 Rc8 37. Qf4 Rc7 38. Qc4 Rd5 39.
Re3 Rcd7 40. Qa4 b5 41. Qa6 Rc7 42. Qa5 Rcd7 43. Qa6 Qg8 44. Qxc6 Qb8 45.
a4 Rb7 46. a5 Rc7 47. Qa6 c4 48. Re2 Qa8 49. Be3 Rxe5 50. Qd6 1-0

[Event "36th Olympiad w"]
[Site "Calvia ESP"]
[Date "2004.10.17"]
[Round "3"]
[White "Berzina,I"]
[Black "Huang Qian"]
[Result "0-1"]
[WhiteElo "2240"]
[BlackElo "2371"]
[EventDate "2004.10.15"]

1. e4 e6 2. d4 d5 3. e5 c5 4. c3 Qb6 5. Nf3 Nc6 6. a3 Nh6 7. b4 cxd4 8.
cxd4 Nf5 9. Bb2 Bd7 10. g4 Nfe7 11. h3 Ng6 12. Nc3 f6 13. Na4 Qd8 14. b5
Na5 15. Nc5 fxe5 16. Nxd7 Qxd7 17. Nxe5 Nxe5 18. dxe5 Rc8 19. Rc1 Rxc1 20.
Qxc1 b6 21. Bd3 Bc5 22. Qc2 Qf7 23. Rf1 Qf3 24. Bxh7 Qxh3 25. Bg6+ Kd7 26.
Bh5 Nc4 27. Bc1 Nxe5 28. Bb2 Qd3 0-1

[Event "36th Olympiad w"]
[Site "Calvia ESP"]
[Date "2004.10.17"]
[Round "3"]
[White "Cramling,P"]
[Black "Peng Zhaoqin"]
[Result "1/2-1/2"]
[WhiteElo "2477"]
[BlackElo "2420"]
[EventDate "2004.10.15"]

1. d4 Nf6 2. Nf3 e6 3. c4 b6 4. g3 Ba6 5. Nbd2 d5 6. Bg2 Be7 7. O-O O-O 8.
cxd5 exd5 9. Ne5 Bb7 10. b3 a5 11. Bb2 Na6 12. Rc1 Ra7 13. Nb1 Bd6 14. Nc3
c6 15. e4 dxe4 16. Nxe4 Bxe5 17. dxe5 Nxe4 18. Bxe4 c5 19. Qxd8 Rxd8 20.
Rfd1 Rda8 21. Bb1 Bf3 22. Rd6 Rb8 23. Rc3 Bg4 24. f3 Be6 25. g4 h6 26. f4
Rd7 27. Rxd7 Bxd7 28. f5 Bc6 29. Kf2 Rd8 30. Rd3 Rxd3 31. Bxd3 Nb4 32. Bb1
a4 33. Bc3 axb3 34. axb3 Bd5 35. Bxb4 cxb4 36. Bc2 f6 37. e6 Kf8 38. Ke3
Ke7 39. Bd1 Kd6 40. Kd4 b5 41. e7 Bc6 42. Bf3 Be8 43. Bd5 Bd7 44. Be6 Be8
45. Bd5 Bd7 46. Be6 1/2-1/2

[Event "36th Olympiad w"]
[Site "Calvia ESP"]
[Date "2004.10.17"]
[Round "3"]
[White "Bosboom Lanchava,T"]
[Black "Johansson,V"]
[Result "0-1"]
[WhiteElo "2352"]
[BlackElo "2189"]
[EventDate "2004.10.15"]

1. d4 d5 2. c4 c6 3. cxd5 cxd5 4. Nc3 Nc6 5. Bf4 e5 6. dxe5 d4 7. Ne4 Bf5
8. Nd6+ Bxd6 9. exd6 Nf6 10. Nf3 Nd5 11. Qd2 Nxf4 12. Qxf4 Qa5+ 13. Qd2
Qxd2+ 14. Kxd2 Rd8 15. g3 Rxd6 16. Bg2 O-O 17. Rhd1 Re8 18. Ke1 d3 19. e3
Bg4 20. h3 Bxf3 21. Bxf3 Nd4 22. Bxb7 Nc2+ 23. Kd2 Nxa1 24. Rxa1 Rb6 25.
Bd5 Rxb2+ 26. Kxd3 Rxf2 27. Rc1 Rd8 28. Ke4 Rd2 29. Rc5 Re8+ 30. Kf4 Rf2+
31. Kg4 g6 32. e4 Re7 33. a4 Kg7 34. Rc8 f5+ 35. exf5 Rxf5 36. Rd8 Rf8 37.
Rd6 Rf6 38. Rd8 Ra6 39. Bb3 Rb6 40. Rd3 Reb7 41. Bd1 Rf6 42. h4 h5+ 43. Kh3
Rf2 44. g4 hxg4+ 45. Kxg4 Kh6 46. Rd6 Ra2 47. Rd4 Rab2 48. Kg3 R2b4 49. Rd6
R4b6 50. Rd5 Rc7 51. Rd4 Rc3+ 52. Kg4 a5 53. Kf4 Rb4 54. Ke5 Rh3 55. Rd5
Rhxh4 56. Rxa5 Rbe4+ 57. Kd6 Rd4+ 58. Rd5 Rxd5+ 59. Kxd5 Rh1 60. Bb3 Rc1
61. Bc4 Ra1 62. Bb5 g5 63. Kc5 g4 64. Kb4 Rb1+ 65. Ka5 g3 66. Bc6 Kg5 67.
Ka6 Kf6 68. a5 Ke5 69. Ka7 Kd6 70. Be4 Rb2 71. a6 Kc7 72. Ka8 g2 73. Bxg2
Rxg2 74. Ka7 Ra2 0-1

[Event "36th Olympiad w"]
[Site "Calvia ESP"]
[Date "2004.10.17"]
[Round "3"]
[White "Andersson,C"]
[Black "Muhren,B"]
[Result "0-1"]
[WhiteElo "2168"]
[BlackElo "2343"]
[EventDate "2004.10.15"]

1. e4 c5 2. c3 d5 3. exd5 Qxd5 4. d4 Nf6 5. dxc5 Qxc5 6. Na3 a6 7. Be3 Qc7
8. Nc4 Nbd7 9. Nf3 e5 10. Qb3 b5 11. O-O-O Be7 12. Kb1 bxc4 13. Bxc4 O-O
14. Bxf7+ Kh8 15. Ng5 Nc5 16. Bxc5 Bf5+ 17. Ka1 Bxc5 18. Be6 Bg6 19. h4
Rab8 20. Qc4 Qb6 21. b4 Bxf2 22. h5 Be8 23. h6 g6 24. Bd5 a5 25. Qb3 axb4
26. Ne6 Rf7 27. Rhf1 Nxd5 28. Qxd5 Qb5 29. Qd6 Rb6 30. c4 Rxd6 31. cxb5
Rxe6 32. Rd8 Bd4+ 0-1

[Event "36th Olympiad w"]
[Site "Calvia ESP"]
[Date "2004.10.17"]
[Round "3"]
[White "Kosintseva,T"]
[Black "Nguyen Thi Thanh An"]
[Result "1/2-1/2"]
[WhiteElo "2493"]
[BlackElo "2345"]
[EventDate "2004.10.15"]

1. e4 c5 2. Nf3 d6 3. Nc3 a6 4. g3 Nc6 5. Bg2 e5 6. O-O Nf6 7. d3 Be7 8.
Nh4 g6 9. f4 Bg4 10. Nf3 Nd4 11. Ne2 Nxf3+ 12. Bxf3 Qd7 13. Bxg4 Qxg4 14.
Kg2 Qd7 15. Nc3 exf4 16. Bxf4 h6 17. Qf3 Rh7 18. a4 O-O-O 19. a5 Qg4 20.
Qxg4+ Nxg4 21. Nd5 Kd7 22. h3 Nf6 23. Nxf6+ Bxf6 24. Bxh6 Ke6 25. Bd2 Rdh8
26. h4 Rc8 27. c4 Rc6 28. Ra3 b6 29. Rb3 bxa5 30. Bxa5 Rc8 31. Rb7 g5 32.
hxg5 Bxg5 33. Bc3 Ra8 34. Rf5 Be7 35. Rf1 a5 36. Re1 Rh5 37. Rb5 a4 38. d4
cxd4 39. Rxh5 dxc3 40. bxc3 Bf6 41. Rh6 Ke7 42. c5 dxc5 43. e5 Bg5 44. Rc6
Ra5 45. Ra1 Bd2 46. Ra3 Bc1 47. Ra2 a3 48. Rb6 Bb2 49. Rb3 c4 50. Rbxb2
axb2 51. Rxb2 Ra3 52. Rc2 Ke6 53. Kf3 Kxe5 54. Ke3 f5 1/2-1/2

[Event "36th Olympiad w"]
[Site "Calvia ESP"]
[Date "2004.10.17"]
[Round "3"]
[White "Le Kieu Thien Kim"]
[Black "Kovalevskaya,E"]
[Result "1/2-1/2"]
[WhiteElo "2329"]
[BlackElo "2471"]
[EventDate "2004.10.15"]

1. d4 Nf6 2. Nf3 g6 3. Bf4 Bg7 4. e3 O-O 5. Be2 d6 6. h3 b6 7. O-O Bb7 8.
Nbd2 Nbd7 9. c3 Qe8 10. Nc4 Ne4 11. a4 a6 12. Qb3 Rb8 13. Bh2 Ndf6 14. Rfd1
Bd5 15. Qc2 b5 16. axb5 axb5 17. Na5 Ba8 18. Ne1 Nd7 19. Nb3 f5 20. Ra7 Nb6
21. Rxc7 Nd5 22. Ra7 Bh6 23. Bf3 Qf7 24. Rda1 Qe6 25. Bxe4 fxe4 26. Bg3
Bxe3 27. fxe3 Nxe3 28. Qe2 Nf5 29. Nc5 Qd5 30. Bh2 dxc5 31. Bxb8 Rxb8 32.
g4 Nh4 33. Qe3 Rf8 34. Rxe7 Qd6 35. Re5 Qf6 36. Rxa8 Qf1+ 37. Kh2 Rxa8 38.
Qxe4 Qf2+ 39. Kh1 Qf1+ 40. Kh2 Qf2+ 41. Kh1 Qf1+ 42. Kh2 1/2-1/2

[Event "36th Olympiad w"]
[Site "Calvia ESP"]
[Date "2004.10.17"]
[Round "3"]
[White "Kosintseva,N"]
[Black "Hoang Xuan Thanh Khiet"]
[Result "1-0"]
[WhiteElo "2446"]
[BlackElo "2144"]
[EventDate "2004.10.15"]

1. e4 c5 2. Nf3 d6 3. d4 cxd4 4. Nxd4 Nf6 5. Nc3 a6 6. Bc4 e5 7. Nf5 Be6 8.
Bb3 Nxe4 9. Nxg7+ Bxg7 10. Nxe4 d5 11. Ng5 Bf6 12. Qh5 Ke7 13. O-O Bxg5 14.
Bxg5+ f6 15. Bh4 Nc6 16. Rad1 Qe8 17. Qf3 Qg6 18. Bxd5 Nd4 19. Rxd4 exd4
20. Re1 Rae8 21. Bxe6 1-0

[Event "36th Olympiad w"]
[Site "Calvia ESP"]
[Date "2004.10.17"]
[Round "3"]
[White "Polgar,Z"]
[Black "Muzychuk,A"]
[Result "1/2-1/2"]
[WhiteElo "2567"]
[BlackElo "2383"]
[EventDate "2004.10.15"]

1. e4 c5 2. Nf3 e6 3. d3 Nc6 4. g3 g6 5. Bg2 Bg7 6. O-O d6 7. c3 e5 8. a3
Nge7 9. b4 O-O 10. b5 Nb8 11. Be3 a6 12. bxa6 Rxa6 13. d4 exd4 14. cxd4
Nbc6 15. Ra2 cxd4 16. Nxd4 Ne5 17. Bg5 h6 18. Bf4 Bg4 19. f3 Bd7 20. Kh1
Ba4 21. Qe2 N7c6 22. Nxc6 Rxc6 23. Rc1 Rxc1+ 24. Bxc1 Qb6 25. Nc3 Rc8 26.
Be3 Qb3 27. Nxa4 Qxa4 28. h4 Rc3 29. Bf4 Nd3 30. Rd2 Nxf4 31. gxf4 Qxa3 32.
h5 Re3 33. Qf2 Qc1+ 34. Kh2 Ra3 35. hxg6 fxg6 36. Qe2 Kh7 37. Qd1 Qc5 38.
Rxd6 Qh5+ 39. Kg3 g5 40. Bh3 gxf4+ 41. Kg2 Qg5+ 42. Bg4 Ra5 43. e5 Ra8 44.
Qd3+ Kh8 45. Qf5 Qh4 46. Qxf4 Ra2+ 47. Rd2 Rxd2+ 48. Qxd2 Bxe5 49. Qd5 Qe7
50. Qe6 Qxe6 51. Bxe6 Kg7 1/2-1/2

[Event "36th Olympiad w"]
[Site "Calvia ESP"]
[Date "2004.10.17"]
[Round "3"]
[White "Voiska,M"]
[Black "Vijayalakshmi,S"]
[Result "0-1"]
[WhiteElo "2380"]
[BlackElo "2411"]
[EventDate "2004.10.15"]

1. Nf3 Nf6 2. c4 c5 3. Nc3 b6 4. g3 Bb7 5. Bg2 e6 6. O-O Be7 7. Re1 a6 8.
e4 d6 9. d4 cxd4 10. Nxd4 Qc7 11. Be3 Nbd7 12. Rc1 O-O 13. f4 Rac8 14. Bf2
Rfd8 15. b3 Bf8 16. g4 g6 17. Qe2 e5 18. Nc2 exf4 19. g5 Nh5 20. Nb4 Re8
21. Bf3 Qd8 22. h4 Bg7 23. Qd1 Ne5 24. Ncd5 a5 25. Nd3 Nxf3+ 26. Qxf3 Bxd5
27. exd5 Be5 28. Re2 h6 29. Rce1 Qc7 30. Kg2 Re7 31. Re4 Rce8 32. Qe2 f5
33. gxf6 Nxf6 34. Nxe5 dxe5 35. Qd3 Nxe4 36. Qxe4 Qd6 37. Kh2 Qf6 38. Rd1
Rd8 39. a3 g5 40. b4 axb4 41. axb4 g4 42. Bg1 Qxh4+ 43. Kg2 f3+ 44. Kf1 f2
45. Bh2 Qxh2 46. Qg6+ Rg7 0-1

[Event "36th Olympiad w"]
[Site "Calvia ESP"]
[Date "2004.10.17"]
[Round "3"]
[White "Harika,D"]
[Black "Djingarova,E"]
[Result "1/2-1/2"]
[WhiteElo "2391"]
[BlackElo "2327"]
[EventDate "2004.10.15"]

1. Nf3 d5 2. d4 c6 3. c4 Nf6 4. Nc3 a6 5. c5 Nbd7 6. Bf4 Nh5 7. e3 g6 8. h4
Nxf4 9. exf4 Qc7 10. g3 Bg7 11. h5 b6 12. hxg6 hxg6 13. Rxh8+ Bxh8 14. cxb6
Qxb6 15. Qd2 Rb8 16. Na4 1/2-1/2